|
|
|
|
| LEADER |
00000naa a2200000uu 4500 |
| 001 |
vtls010945995 |
| 003 |
SK-MaSNL |
| 005 |
20260302121949.0 |
| 008 |
210902|2004 xo |||||||||||||||||eng| |
| 015 |
|
|
|a SNBRA
|
| 035 |
|
|
|a (urnnbn)urn:nbn:sk:snk:ar-a0bfq4
|
| 035 |
|
|
|a (uuid)99485e10-c44b-4e0e-9e66-45f717ba52b4
|
| 035 |
|
|
|a urn:nbn:sk:snk-aau7v3
|
| 040 |
|
|
|a SNKBUCL
|b slo
|c SNKBUCL
|e AACR2
|
| 041 |
0 |
|
|a eng
|
| 044 |
|
|
|a xo
|c SK
|
| 100 |
1 |
|
|a Zawieja, Bogna
|4 aut
|9 804845
|
| 245 |
1 |
0 |
|a THE CONTRIBUTION OF SEVERAL MEASURED CHARACTERISTICS TO VARIABILITY OF VARIETIES IN THE DUS TESTS
|c Bogna Zawieja, Wiesław Pilarczyk
|
| 700 |
1 |
|
|a Pilarczyk, Wiesław
|4 aut
|9 804841
|
| 773 |
0 |
|
|t Biometrické metódy a modely v pôdohospodárskej vede, výskume a výučbe
|d Nitra : Agentúra Slovenskej akadémie poľnohospodárskych vied, 2004
|g S. 173-177
|z 8089162061
|
| 958 |
|
|
|a OND
|
| 958 |
|
|
|a article11
|
| 958 |
|
|
|a chapter
|
| 999 |
|
|
|c 1275965
|d 1277895
|